000 00556cam a22002171 4500
001 ne 63000383
003 DLC
005 20260227111742.0
008 890514s1961 xx a 000 0bara
010 _ane 63000383
035 _a(OCoLC)23495679
040 _aDLC
_cMiU
_dDLC
042 _apremarc
050 0 0 _aBP75
_b.J3
100 2 _aJād al-Mawlá, Muḥammad Aḥmad
245 0 0 _aMuḥammad al-mathal al-kīmil.
260 _c[1961]
300 _a19, 450 p.
_billus.
_c24 cm.
500 _aRomanized.
600 0 0 _aMuḥammad,
_cProphet,
_d-632.
999 _c45608
_d45608